Equipe de France de football depuis la Coupe du Monde 2010 - Statistiques

Statistiques générales
  • Ce quiz a été pris 544 fois
  • Le résultat moyen est 68 sur 90
Statistiques - réponses
Match Date Adversaire Score % Correct
Amical Février 2012 Allemagne 2-1
97%
Amical Février 2013 Allemagne 1-2
97%
Coupe du Monde 2014 Juillet 2014 Allemagne 0-1
97%
Amical Novembre 2015 Allemagne 2-0
97%
Euro 2016 Juillet 2016 Allemagne 2-0
97%
Amical Octobre 2014 Portugal 2-1
96%
Amical Septembre 2015 Portugal 1-0
96%
Euro 2016 Juillet 2016 Portugal 0-1 (ap)
96%
Euro 2012 Juin 2012 Espagne 0-2
95%
Qualification CdM 2014 Octobre 2012 Espagne 1-1
95%
Qualification CdM 2014 Mars 2013 Espagne 0-1
95%
Amical Septembre 2014 Espagne 1-0
95%
Amical Mars 2017 Espagne 0-2
95%
Coupe du Monde 2014 Juin 2014 Suisse 5-2
92%
Euro 2016 Juin 2016 Suisse 0-0
92%
Amical Novembre 2010 Angleterre 2-1
90%
Euro 2012 Juin 2012 Angleterre 1-1
90%
Amical Novembre 2015 Angleterre 0-2
90%
Amical Février 2011 Brésil 1-0
90%
Amical Juin 2013 Brésil 0-3
90%
Amical Mars 2015 Brésil 1-3
90%
Amical Novembre 2012 Italie 2-1
90%
Amical Septembre 2016 Italie 3-1
90%
Euro 2012 Juin 2012 Suède 0-2
89%
Amical Novembre 2014 Suède 1-0
89%
Qualification CdM 2018 Novembre 2016 Suède 2-1
89%
Euro 2016 Juin 2016 Irlande 2-1
88%
Amical Mars 2016 Russie 4-2
85%
Amical Novembre 2011 Belgique 0-0
84%
Amical Août 2013 Belgique 0-0
84%
Amical Juin 2015 Belgique 3-4
84%
Amical Mai 2012 Islande 3-2
84%
Euro 2016 Juillet 2016 Islande 5-2
84%
Amical Mars 2014 Pays-Bas 2-0
84%
Amical Mars 2016 Pays-Bas 3-2
84%
Qualification CdM 2018 Octobre 2016 Pays-Bas 1-0
84%
Amical Juin 2011 Ukraine 4-1
83%
Euro 2012 Juin 2012 Ukraine 2-0
83%
Qualification CdM 2014 Novembre 2013 Ukraine 0-2
83%
Qualification CdM 2014 Novembre 2013 Ukraine 3-0
83%
Qualification Euro 2012 Octobre 2010 Roumanie 2-0
80%
Qualification Euro 2012 Septembre 2011 Roumanie 0-0
80%
Euro 2016 Juin 2016 Roumanie 2-1
80%
Amical Mars 2015 Danemark 2-0
79%
Amical Octobre 2015 Danemark 2-1
79%
Amical Août 2010 Norvège 1-2
77%
Amical Mai 2014 Norvège 4-0
77%
Qualification Euro 2012 Septembre 2011 Albanie 2-1
76%
Qualification Euro 2012 Octobre 2011 Albanie 3-0
76%
Amical Novembre 2014 Albanie 1-1
76%
Amical Juin 2015 Albanie 0-1
76%
Euro 2016 Juin 2016 Albanie 2-0
76%
Amical Novembre 2011 Etats-Unis 1-0
74%
Qualification CdM 2014 Septembre 2012 Finlande 1-0
73%
Qualification CdM 2014 Octobre 2013 Finlande 3-0
73%
Amical Octobre 2013 Australie 6-0
72%
Amical Octobre 2012 Japon 0-1
72%
Coupe du Monde 2014 Juin 2014 Honduras 3-0
70%
Amical Juin 2011 Pologne 1-0
70%
Amical Août 2012 Uruguay 0-0
70%
Amical Juin 2013 Uruguay 0-1
70%
Amical Mars 2011 Croatie 0-0
69%
Qualification Euro 2012 Octobre 2010 Luxembourg 2-0
69%
Qualification Euro 2012 Mars 2011 Luxembourg 2-0
69%
Qualification CdM 2018 Mars 2017 Luxembourg 3-1
69%
Coupe du Monde 2014 Juin 2014 Nigeria 2-0
69%
Amical Juin 2016 Ecosse 3-0
65%
Coupe du Monde 2014 Juin 2014 Equateur 0-0
63%
Amical Mai 2012 Serbie 2-0
62%
Amical Septembre 2014 Serbie 1-1
62%
Amical Septembre 2015 Serbie 2-1
62%
Qualification Euro 2012 Septembre 2010 Biélorussie 0-1
60%
Qualifictation Euro 2012 Juin 2011 Biélorussie 1-1
60%
Qualification CdM 2014 Septembre 2012 Biélorussie 3-1
60%
Qualification CdM 2014 Septembre 2013 Biélorussie 4-2
60%
Qualification CdM 2018 Septembre 2016 Biélorussie 0-0
60%
Qualification CdM 2018 Octobre 2016 Bulgarie 4-1
60%
Amical Mai 2016 Cameroun 3-2
59%
Amical Août 2011 Chili 1-1
55%
Amical Juin 2014 Paraguay 1-1
55%
Amical Juin 2017 Paraguay 5-0
55%
Amical Novembre 2016 Côte d'Ivoire 0-0
52%
Qualification Euro 2012 Septembre 2010 Bosnie-Herzégovine 2-0
51%
Qualification Euro 2012 Octobre 2011 Bosnie-Herzégovine 1-1
51%
Amical Juin 2014 Jamaïque 8-0
50%
Amical Juin 2012 Estonie 4-0
49%
Amical Octobre 2014 Arménie 3-0
30%
Amical Octobre 2015 Arménie 4-0
30%
Qualfication CdM 2014 Mars 2013 Géorgie 3-1
27%
Qualification CdM 2014 Septembre 2013 Géorgie 0-0
27%
Aucun quiz correspondant
Distribution des résultats
% des personnes avec chaque résultat
Percentile par nombre de réponses
Votre historique - résultats
Vous n’avez pas pris ce quiz